ბათუმის შოთა რუსთაველის სახელმწიფო უნივერსიტეტის ბიბლიოთეკა

ინფორმაციის გამოყენებითი თეორიის საფუძვლები : დამხმ. სახელმძღ. / (ბიბ.ჩანაწერი № 38965)

000 -ლიდერი
ფიქსირებული სიგრძის საკონტროლო ველი 00929nam a2200193Ia 4500
001 - საკონტროლო ნომერი
საკონტროლო ველი 5417
003 - საკონტროლო ნომრის იდენტიფიკატორი
საკონტროლო ველი GE_BSU
005 - ბოლო ოპერაციის თარიღი და დრო
საკონტროლო ველი 20190627190057.0
008 - ფიქსირებული სიგრძის მონაცემთა ელემენტები - ზოგადი ინფორმაცია
ფიქსირებული სიგრძის საკონტროლო ველი 181216s1980||||ge |||||||||||||| ||geo||
080 ## - უნივერსალური ათობითი კლასიფიკაციის ინდექსი
Universal Decimal Classification number 007(075.8)+519.72(072.8) ბ-33
100 ## - მთავარი ჩანაწერი - პიროვნების სახელი
Personal name ბაღათურია, გ.
9 (RLIN) 2730
245 ## - ცნობა სათაურის შესახებ
Title ინფორმაციის გამოყენებითი თეორიის საფუძვლები : დამხმ. სახელმძღ. /
Statement of responsibility, etc გ. ბაღათურია ; რედ : მ.ძიძიგური.
264 ## - წარმოების, გამოცემის, დისტრიბუციის და სხვა ცნობები
გამოცემის, წარმოების, დისტრიბუციის... ადგილი თბილისი :
გამოცემის, წარმოების, დისტრიბუციის... სახელწოდება სპი,
გამოცემის, წარმოების, დისტრიბუციის... თარიღი 1980.
300 ## - ფიზიკური აღწერა
Extent 75 გვ .:
Other physical details ნახაზ.
Dimensions 20 სმ.
504 ## - BIBLIOGRAPHY, ETC. NOTE
Bibliography, etc ბიბლიოგრ.: გვ.73.
653 ## - INDEX TERM--UNCONTROLLED
Uncontrolled term ინფორმაციის გამოყენებითი თეორია.
700 ## - ADDED ENTRY--PERSONAL NAME
Personal name ძიძიგური, მ
Relator term რედაქტორი
9 (RLIN) 472
942 ## - ADDED ENTRY ELEMENTS (KOHA)
Koha item type წიგნი
Source of classification or shelving scheme
ეგზემპლარები
ჩამოწერის სტატუსი დაკარგული ეგზემპლარის სტატუსი კლასიფიკაციის წყარო ან თაროზე გაწყობის სქემა დაზიანების სტატუსი არ გაიცემა მუდმივი მდებარეობა (დაცვის ადგილი) ამჟამინდელი ადგილსამყოფელი თაროზე განთავსების ადგილი შეძენის თარიღი ღირებულება, შესყიდვის ნორმალური ფასი სრული შენახვის შიფრი შტრიხკოდი ბოლო ოპერაციის თარიღი ეგზემპლარის მიმდევრობითი ნომერი (კეტერი?) ფასის ძალაში შესვლის თარიღი ეგზემპლარის სახეობა საჯარო შენიშვნა
          ტექნოლოგიური ფაკულტეტის ბიბლიოთეკა ტექნოლოგიური ფაკულტეტის ბიბლიოთეკა წიგნსაცავი 2018-12-17 0.00 007(075.8)+519.72(072.8) ბ-33 10963 2018-12-17 10963 2018-12-17 წიგნი 0,80 თ.
          ტექნოლოგიური ფაკულტეტის ბიბლიოთეკა ტექნოლოგიური ფაკულტეტის ბიბლიოთეკა წიგნსაცავი 2018-12-17 0.00 007(075.8)+519.72(072.8) ბ-33 10964 2018-12-17 10964 2018-12-17 წიგნი 0,80 თ.
          ტექნოლოგიური ფაკულტეტის ბიბლიოთეკა ტექნოლოგიური ფაკულტეტის ბიბლიოთეკა წიგნსაცავი 2018-12-17 0.00 007(075.8)+519.72(072.8) ბ-33 10965 2018-12-17 10965 2018-12-17 წიგნი 0,80 თ.
          ტექნოლოგიური ფაკულტეტის ბიბლიოთეკა ტექნოლოგიური ფაკულტეტის ბიბლიოთეკა წიგნსაცავი 2018-12-17 0.00 007(075.8)+519.72(072.8) ბ-33 10966 2018-12-17 10966 2018-12-17 წიგნი 0,80 თ.